000 00251nam a2200109 4500
001 3562
090 _a3562
100 _a20190723b u||y0fre||u0ba y50
200 _aGroupe action Brésil M.A.I
_bPériodique
210 _aSuisse
801 _aCH
_bCH-002049-8
955 _r1970: janvier